00765cam a2200229 i 4500008004100000020002500041100002100066245012400087300006900211490003100280504004100311500002000352650001600372650000900388650001400397700003500411700003100446830003100477003000100508005001700509040000900526  a9780226302133 (hbk.)1 aClayton, Dale H.10aCoevolution of life on hosts :bintegrating ecology and history /cDale H. Clayton, Sarah E. Bush, and Kevin P. Johnson axiv, 294 p :bill (some col), maps (some col),16 plates ;c24 cm1 aInterspecific interactions aIncludes bibliographical references. aIncludes index. 0aCoevolution 0aLice 0aParasites1 aBush, Sarah Elizabeth,eauthor1 aJohnson, Kevin P.,eauthor 0aInterspecific interactions20230123122240.0 cNUST